| 000 | 00780nam a22002177a 4500 | ||
|---|---|---|---|
| 005 | 20100802123929.0 | ||
| 010 | _aENG-97762 | ||
| 020 |
_a9788175053298 _c15.00 |
||
| 020 |
_a8175053291 _c15.00 |
||
| 035 | _aEN-81295 | ||
| 037 | _bDBAD/PUB | ||
| 082 | _a181.16 | ||
| 100 |
_aRanganathananda _96332 |
||
| 245 |
_aShankaracharya and an untouchable : _ban exposition of Manisha Panchakam / _cby Ranganathananda |
||
| 260 |
_aKolkata _bAdvaita Ashrama Publication _c2009 |
||
| 270 |
_a5 Delhi Entally Road _bKolkata _e700014 |
||
| 300 |
_a40p. _c22cm (pbk) |
||
| 650 |
_aAdvaita _96333 |
||
| 942 |
_2ddc _cEN _h181.16 _mRAN |
||
| 999 |
_c38616 _d38616 |
||